000
00249 a2200097 4500
001
90197
082
_a
372.130782 CHA
090
_c
42538
_d
42538
245
_a
Glant encyclopedia of theme activities for children
260
_a
New delhi
_b
Viva Books Pvt ltd
_c
2004
942
_a
NUST-CAE
999
_c
325270
_d
325270